<?xml version="1.0" encoding="UTF-8"?><marc:collection xmlns:marc="http://www.loc.gov/MARC21/slim">
  <marc:record>
    <marc:leader>00000nam  2200000zi 4500</marc:leader>
    <marc:controlfield tag="001">9.940807</marc:controlfield>
    <marc:controlfield tag="003">CaOODSP</marc:controlfield>
    <marc:controlfield tag="005">20250526103710</marc:controlfield>
    <marc:controlfield tag="006">m     o  d f      </marc:controlfield>
    <marc:controlfield tag="007">cr mn|||||||||</marc:controlfield>
    <marc:controlfield tag="008">240719e202409##onc     ob   f100 0 fre d</marc:controlfield>
    <marc:datafield tag="020" ind1=" " ind2=" ">
      <marc:subfield code="a">9780660728704</marc:subfield>
    </marc:datafield>
    <marc:datafield tag="040" ind1=" " ind2=" ">
      <marc:subfield code="a">CaOODSP</marc:subfield>
      <marc:subfield code="b">fre</marc:subfield>
      <marc:subfield code="e">rda</marc:subfield>
      <marc:subfield code="c">CaOODSP</marc:subfield>
    </marc:datafield>
    <marc:datafield tag="043" ind1=" " ind2=" ">
      <marc:subfield code="a">n-cn-ns</marc:subfield>
      <marc:subfield code="a">n-cn-nk</marc:subfield>
      <marc:subfield code="a">ln-----</marc:subfield>
    </marc:datafield>
    <marc:datafield tag="086" ind1="1" ind2=" ">
      <marc:subfield code="a">Fs70-4/2024-035F-PDF</marc:subfield>
    </marc:datafield>
    <marc:datafield tag="245" ind1="0" ind2="0">
      <marc:subfield code="a">Compte rendu de la réunion sur les avis scientifiques de la région des Maritimes de la désignation d'un point de référence limite pour le hareng de l'Atlantique (Clupea harengus) du sud-ouest de la Nouvelle-Écosse/baie de Fundy : </marc:subfield>
      <marc:subfield code="b">dates de la réunion, du 12 au 13 novembre 2020 et le 18 janvier 2021 : endroit, réunion virtuelle / </marc:subfield>
      <marc:subfield code="c">président, Kent Smedbol ; rapporteuse, Daphne Themelis.</marc:subfield>
    </marc:datafield>
    <marc:datafield tag="264" ind1=" " ind2="1">
      <marc:subfield code="a">Ottawa (Ontario) : </marc:subfield>
      <marc:subfield code="b">Secrétariat canadien de consultation scientifique (SCCS), </marc:subfield>
      <marc:subfield code="c">septembre 2024.</marc:subfield>
    </marc:datafield>
    <marc:datafield tag="264" ind1=" " ind2="4">
      <marc:subfield code="c">©2024</marc:subfield>
    </marc:datafield>
    <marc:datafield tag="300" ind1=" " ind2=" ">
      <marc:subfield code="a">1 ressource en ligne (iv, 15 pages).</marc:subfield>
    </marc:datafield>
    <marc:datafield tag="336" ind1=" " ind2=" ">
      <marc:subfield code="a">texte</marc:subfield>
      <marc:subfield code="b">txt</marc:subfield>
      <marc:subfield code="2">rdacontent/fre</marc:subfield>
    </marc:datafield>
    <marc:datafield tag="337" ind1=" " ind2=" ">
      <marc:subfield code="a">informatique</marc:subfield>
      <marc:subfield code="b">c</marc:subfield>
      <marc:subfield code="2">rdamedia/fre</marc:subfield>
    </marc:datafield>
    <marc:datafield tag="338" ind1=" " ind2=" ">
      <marc:subfield code="a">ressource en ligne</marc:subfield>
      <marc:subfield code="b">cr</marc:subfield>
      <marc:subfield code="2">rdacarrier/fre</marc:subfield>
    </marc:datafield>
    <marc:datafield tag="490" ind1="1" ind2=" ">
      <marc:subfield code="a">Compte rendu, </marc:subfield>
      <marc:subfield code="x">2292-4264 ; </marc:subfield>
      <marc:subfield code="v">2024/035</marc:subfield>
    </marc:datafield>
    <marc:datafield tag="500" ind1=" " ind2=" ">
      <marc:subfield code="a">Publié aussi en anglais sous le titre : Proceedings of the Maritimes regional advisory meeting of the identification of a limit reference point for southwest Nova Scotia/Bay of Fundy Atlantic herring (Clupea harengus): meeting dates, November 12-13, 2020 and January 18, 2021: location, virtual meeting.</marc:subfield>
    </marc:datafield>
    <marc:datafield tag="504" ind1=" " ind2=" ">
      <marc:subfield code="a">Comprend des références bibliographiques.</marc:subfield>
    </marc:datafield>
    <marc:datafield tag="520" ind1=" " ind2=" ">
      <marc:subfield code="a">« Un processus régional d'examen par les pairs de la désignation d'un point de référence limite pour le hareng de l'Atlantique du sud-ouest de la Nouvelle-Écosse et de la baie de Fundy (Clupea harengus) a eu lieu en ligne les 12 et 13 novembre 2020 au moyen de Microsoft Teams. Comme il est indiqué dans le cadre de référence, l'objectif de la réunion était d'examiner les points de référence limites (PRL) du point de vue de l'approche de précaution et de déterminer un PRL convenable pour mettre à l'essai des modèles opérationnels dans le cadre d'une évaluation de la stratégie de gestion (ESG). On a convoqué de nouveau la réunion le 18 janvier 2021 pour déterminer si un point de référence fixe ou dynamique fondé sur la biomasse du stock reproducteur au rendement maximal durable (BSRRMD) serait plus approprié pour l'évaluation des procédures de gestion. Il a été décidé que l'adoption d’un PRL fondé sur la BSRRMD dynamique uniquement pour le seuil de rendement afin d’éliminer les procédures de gestion des candidats dans l'ESG était de mise et que l'utilisation de points de référence dynamiques dans l'établissement de l'état des stocks n'était pas appropriée. Les participants à cette réunion comprenaient des employés du Secteur des sciences et de la Gestion des ressources de Pêches et Océans Canada (MPO), des membres de collectivités et d'organisations autochtones, ainsi que d'organisations non gouvernementales, des participants à l'industrie de la pêche, des membres de l'équipe de modélisation de l'Université de la Colombie-Britannique et des experts externes. Le présent document inclut un résumé des présentations et est un compte rendu des discussions et des conclusions de la réunion. … » -- Sommaire, page iv.</marc:subfield>
    </marc:datafield>
    <marc:datafield tag="650" ind1=" " ind2="6">
      <marc:subfield code="a">Hareng</marc:subfield>
      <marc:subfield code="x">Pêche commerciale</marc:subfield>
      <marc:subfield code="z">Nouvelle-Écosse</marc:subfield>
      <marc:subfield code="z">Atlantique, Côte de l'</marc:subfield>
      <marc:subfield code="x">Gestion</marc:subfield>
      <marc:subfield code="v">Congrès.</marc:subfield>
    </marc:datafield>
    <marc:datafield tag="650" ind1=" " ind2="6">
      <marc:subfield code="a">Hareng</marc:subfield>
      <marc:subfield code="x">Pêche commerciale</marc:subfield>
      <marc:subfield code="z">Fundy, Baie de</marc:subfield>
      <marc:subfield code="x">Gestion</marc:subfield>
      <marc:subfield code="v">Congrès.</marc:subfield>
    </marc:datafield>
    <marc:datafield tag="650" ind1=" " ind2="6">
      <marc:subfield code="a">Ressources halieutiques</marc:subfield>
      <marc:subfield code="x">Évaluation</marc:subfield>
      <marc:subfield code="z">Nouvelle-Écosse</marc:subfield>
      <marc:subfield code="z">Atlantique, Côte de l'</marc:subfield>
      <marc:subfield code="v">Congrès.</marc:subfield>
    </marc:datafield>
    <marc:datafield tag="650" ind1=" " ind2="6">
      <marc:subfield code="a">Ressources halieutiques</marc:subfield>
      <marc:subfield code="x">Évaluation</marc:subfield>
      <marc:subfield code="z">Fundy, Baie de</marc:subfield>
      <marc:subfield code="v">Congrès.</marc:subfield>
    </marc:datafield>
    <marc:datafield tag="655" ind1=" " ind2="7">
      <marc:subfield code="a">Actes de congrès</marc:subfield>
      <marc:subfield code="2">rvmgf</marc:subfield>
    </marc:datafield>
    <marc:datafield tag="700" ind1="1" ind2=" ">
      <marc:subfield code="a">Smedbol, R. Kent </marc:subfield>
      <marc:subfield code="q">(Robert Kent), </marc:subfield>
      <marc:subfield code="d">1968-</marc:subfield>
    </marc:datafield>
    <marc:datafield tag="710" ind1="2" ind2=" ">
      <marc:subfield code="a">Secrétariat canadien de consultation scientifique, </marc:subfield>
      <marc:subfield code="e">organisme de publication.</marc:subfield>
    </marc:datafield>
    <marc:datafield tag="710" ind1="1" ind2=" ">
      <marc:subfield code="a">Canada. </marc:subfield>
      <marc:subfield code="b">Ministère des pêches et des océans. </marc:subfield>
      <marc:subfield code="b">Région des Maritimes, </marc:subfield>
      <marc:subfield code="e">organisme de publication.</marc:subfield>
    </marc:datafield>
    <marc:datafield tag="775" ind1="0" ind2="8">
      <marc:subfield code="t">Proceedings of the Maritimes regional advisory meeting of the identification of a limit reference point for southwest Nova Scotia/Bay of Fundy Atlantic herring (Clupea harengus) : </marc:subfield>
      <marc:subfield code="w">(CaOODSP)9.940804</marc:subfield>
    </marc:datafield>
    <marc:datafield tag="830" ind1="#" ind2="0">
      <marc:subfield code="a">Compte rendu (Secrétariat canadien de consultation scientifique)</marc:subfield>
      <marc:subfield code="v">2024/035.</marc:subfield>
      <marc:subfield code="w">(CaOODSP)9.502879</marc:subfield>
    </marc:datafield>
    <marc:datafield tag="856" ind1="4" ind2="0">
      <marc:subfield code="q">PDF</marc:subfield>
      <marc:subfield code="s">399 Ko</marc:subfield>
      <marc:subfield code="u">https://publications.gc.ca/collections/collection_2025/mpo-dfo/fs70-4/Fs70-4-2024-035-fra.pdf</marc:subfield>
    </marc:datafield>
  </marc:record>
</marc:collection>
